| 000 | nam a22 7a 4500 | ||
|---|---|---|---|
| 999 |
_c41369 _d41369 |
||
| 005 | 20171218101731.0 | ||
| 008 | 171218b xxu||||| |||| 00| 0 eng d | ||
| 040 | _aANE | ||
| 041 | _aEs | ||
| 084 | _aVIRTUAL-003860 | ||
| 100 | _aDreyzin de Klor, Adriana | ||
| 240 | _aFamilia Internacional Sustracción Internacional de niños Subrogación materna y sus efectos internacionales | ||
| 245 |
_aEl Derecho Internacional de Familia _ben la Postmodernidad |
||
| 300 | _a104 p. | ||
| 650 | _aDERECHO INTERNACIONAL DE FAMILIA | ||
| 650 | _aPOSTMODERNIDAD | ||
| 650 | _aFAMILIA | ||
| 650 | _aLA SUSTRACCIÓN INTERNACIONAL DE NIÑOS | ||
| 650 | _aGLOBALIZACIÓN | ||
| 856 | _uhttp://documentacion.asambleanacional.gob.ec/alfresco/d/d/workspace/SpacesStore/63cadf1f-5d0b-4b90-a391-222880e3c7eb/VIRTUAL%20-%20003860.pdf | ||
| 942 |
_2ddc _cBV _zmbc |
||